000 00513nam a22001817a 4500
005 20140912155526.0
008 140912b2005 fr ||||| |||| 00| 0 fre d
041 _afre
044 _afr
082 0 4 _a708
_bM98m3
110 2 _aMuseum National d' Histoire Naturelle
_926905
245 1 0 _aCollections du museum
260 _aParis,
_bLes Editions du Museum
_c2005
300 _a78 p.
_bfot. (col)
_c30 cm.
650 6 _aMuseo
_xhistoria natural
_926910
650 6 _aMuseo
_vcollecciones
_926911
942 _2ddc
_cLIBRO
999 _c8700
_d8700